000 00340pab a2200145 454500
008 180718b2013 xxu||||| |||| 00| 0 eng d
100 _aSeema Kumari
245 _aWomen empowerment - a political perspective
260 _c2013
300 _ap.39-44.
362 _aJul
650 _aWomen
773 _aThird Concept
909 _a114067
999 _c114061
_d114061